000 00784cab a2200241 4500
001 WB3121-37
008 090401t1995 xxu||||| |||| 00| 0 eng d
035 _a(Sirsi) u18825
041 _aeng
245 _aFee-cutting will hit quality of service
260 _c1995
350 _a0
490 _aEstates Times
_v(1281) 26 May 1995, 1(1)
520 _aExpresses concern that fee-cutting by firms of chartered surveyors desperate to win instructions will result in poor quality of service to clients.
650 _aABOUT RICS-RICS MEMBERS
650 _aFEE CUTTING
650 _aPROFESSIONAL STANDARDS
650 _aQUALITY OF SERVICE
650 _aSURVEYING FIRMS
690 _aMANAGEMENT-BUSINESS MANAGEMENT-PROFESSIONAL PRACTICE
942 _n0
948 _c04/03/1997
999 _c12525
_d12525